[Event "Nice op 20th"]
[Site "Nice"]
[Date "2004.12.??"]
[Round "1"]
[White "Maze, Sebastien"]
[Black "Quenette, Antoine"]
[Result "1-0"]
[WhiteElo "2464"]
[BlackElo "2113"]
[PlyCount "61"]
[EventDate "2004.12.26"]
[EventType "swiss"]
[EventRounds "7"]
[EventCountry "FRA"]
[SourceTitle "CBM 104 Extra"]
[Source "ChessBase"]
[SourceDate "2005.03.01"]
[SourceVersion "1"]
[SourceVersionDate "2005.03.01"]
[SourceQuality "1"]

1. e4 e6 2. d4 d5 3. Nc3 Nf6 4. e5 Nfd7 5. f4 c5 6. Nf3 Nc6 7. Be3 cxd4 8. Nxd4 Qb6 9. Qd2 Qxb2 10. Rb1 Qa3 11. Bb5 Nxd4 12. Bxd4 a6 13. Bxd7+ Bxd7 14. Rb3 Qe7 15. Rxb7 Qd8 16. 0-0 Qc8 17. Rfb1 Bc6 18. R7b3 Be7 19. Qf2 0-0 20. Bc5 Qc7 21. Bxe7 Qxe7 22. Ne2 Bb5 23. Nd4 Rfc8 24. f5 exf5 25. Nxf5 Qa7 26. Re3 Rc6 27. h4 Re6 28. h5 Qd7 29. h6 g6 30. Nd4 Ree8 31. Qf6 1-0

[Event "Metz op 15th"]
[Site "Metz"]
[Date "1997.??.??"]
[Round "6"]
[White "Berend, Elvira S"]
[Black "Quenette, Antoine"]
[Result "1-0"]
[WhiteElo "2355"]
[BlackElo "1980"]
[PlyCount "72"]
[EventDate "1997.04.??"]
[EventType "swiss"]
[EventRounds "9"]
[EventCountry "FRA"]
[SourceTitle "EXT 1999"]
[Source "ChessBase"]
[SourceDate "1998.11.16"]
[SourceVersion "1"]
[SourceVersionDate "1998.11.16"]
[SourceQuality "1"]

1. e4 e6 2. d3 d5 3. Nd2 Nf6 4. Ngf3 c5 5. g3 Nc6 6. Bg2 b6 7. 0-0 Bb7 8. Re1 Be7 9. e5 Nd7 10. Qe2 Qc7 11. c3 0-0-0 12. Nf1 h6 13. d4 Rdg8 14. Be3 Kb8 15. Rec1 Qd8 16. dxc5 Bxc5 17. b4 Bxe3 18. Qxe3 g5 19. a4 g4 20. Nd4 Qg5 21. Nxc6+ Bxc6 22. Qe2 Nxe5 23. b5 Bb7 24. a5 Nc4 25. axb6 axb6 26. Rd1 h5 27. Rd4 h4 28. Rf4 Rg7 29. Qa2 Kc7 30. Rxc4+ dxc4 31. Bxb7 hxg3 32. hxg3 Qc5 33. Bc6 Kd6 34. Rd1+ Ke7 35. Rd7+ Kf6 36. Qd2 Rgh7 1-0